[Event "ROM-ch U20"]
[Site "Calimanesti Caciulata"]
[Date "2018.03.29"]
[Round "3"]
[White "Toma, Radu Cristian"]
[Black "Ursan, Petru Sebastian"]
[Result "1-0"]
[WhiteElo "2380"]
[BlackElo "2171"]
[PlyCount "121"]
[EventDate "2018.03.27"]
[EventType "tourn"]
[EventRounds "7"]
[EventCountry "ROU"]
[EventCategory "2"]
[SourceTitle "CBM 183 Extra"]
[Source "ChessBase"]
[SourceDate "2018.04.19"]
[SourceVersion "1"]
[SourceVersionDate "2018.04.19"]
[SourceQuality "1"]

1. Nf3 c5 2. c4 g6 3. Nc3 Bg7 4. e3 Nf6 5. Be2 0-0 6. 0-0 Nc6 7. Qb3 e5 8. Rd1 e4 9. Ne1 d6 10. d3 exd3 11. Bxd3 Qe7 12. Bd2 Be6 13. Ne4 Rab8 14. Nxf6+ Bxf6 15. Qc2 a6 16. Bc3 Ne5 17. a4 Rfd8 18. b3 d5 19. cxd5 Bxd5 20. Be4 Bxe4 21. Qxe4 Nf3+ 22. Qxf3 Bxc3 23. Rac1 Bxe1 24. Rxe1 Rd2 25. e4 Rbd8 26. e5 R2d3 27. Qg4 Rxb3 28. e6 fxe6 29. Rxe6 Qf7 30. Rce1 Rbd3 31. h3 R3d4 32. Qe2 Rd2 33. Qe3 Rd1 34. Rxd1 Rxd1+ 35. Kh2 Rd8 36. Re7 Qd5 37. Re5 Qd4 38. Qg5 Rf8 39. Rxc5 Qf4+ 40. Qxf4 Rxf4 41. Kg3 Rxa4 42. Rc8+ Kf7 43. Rc7+ Kf6 44. Rxb7 h5 45. Rb6+ Kf5 46. h4 a5 47. f3 Ra1 48. Ra6 a4 49. Ra5+ Kf6 50. Kf4 a3 51. Ra6+ Kf7 52. Kg5 Rg1 53. Ra7+ Ke6 54. g4 hxg4 55. fxg4 Rg3 56. Rg7 Rb3 57. Rxg6+ Ke5 58. Ra6 Rb8 59. h5 Rg8+ 60. Kh4 Kf4 61. Ra4+ 1-0